000 00914nas a2200301 4500
001 BR9701868
003 BR-BrBNA
005 20231205100126.0
007 ta
008 230509b bl.|||p| |||| 00| 00por d
040 _aBR-BrBNA
_bpor
_cBiblioteca Nacional de Agricultura
041 _a(Pt)
072 _aL02
100 1 _aMarangoni, I.
100 1 _aMoreira, I.
100 1 _aFurlan, A.C.
100 1 _aMartins, E.N.
100 1 _aScapinello, C.
245 1 _aEstudo da viabilidade da utilizacao do farelo de canola na alimentacao de suinos na fase de crescimento (61-107 dias)
650 _aSUÍNO
650 _aCrescimento
650 _aFarelo
650 _aColza
650 _aProteina
773 0 _tRevista da Sociedade Brasileira de Zootecnia (Brazil)
_xISSN 0100-4859
_g(Jul-Aug 1996), v. 25(4) p. 683-696
_wBR9701868
909 _a202311
_bLúcia
_c55
_dLúcia Elande
942 _2AGRIS
_n0
_cANA
999 _c154426
_d154426